000 00982nam a22002891a 4500
001 6633792
005 20110718125655.0
008 830126s1981 my a b 000 0 eng d
035 _9G27212 (c.1)
035 _9G27213 (c.2)
035 _a(OCoLC)ocm09164967
035 _9D218157
035 _a(WHEdb)220586
040 _aBZM
_cBZM
_dICW
_dWHEdb
049 _aJEVA
_c1-2
090 _aBV2063
_b.T36
100 1 _aTan, Kim-Sai.
245 1 4 _aThe great digression : world evangelism since 1910 : the ecumenical digression and the evangelical response /
_cby Kim-Sai Tan.
260 _aPetaling Jaya, Malaysia :
_bMalaysia Bible Seminary,
_c1981.
300 _a183 p. : ill. ; 21 cm.
500 _aIncludes bibliographical references.
504 _aIncludes bibliographical references.
650 0 _aEvangelicalism
_xHistory
_y20th century.
650 0 _aEcumenical movement
_xHistory.
650 0 _aEvangelistic work.
650 0 _aMissions
_xTheory
_xHistory
_y20th century.
999 _c26408
_d26408